00451nam a22001337a 4500003000400000005001700004008004100021020001800062040002400080100003300104245012500137260003500262300002000297OSt20200615145857.0200615s2019 fr | 000 0 spa d a9788417678043 aES-BaCBUbcatcCDMR1 aKoestler, Arthur,d1905-198313aEl ártico desde la ventana de un zepelínc/ Arthur Koestler ; traducción y epílogo de Francisco Uzcanga Meinecke aMadrid :bLibros del KO,c2019 a149 p. :c19 cm